000 00437nam a2200169Ia 4500
003 OSt
005 20260323152724.0
008 211028s2019 xx 000 0 und d
040 _cAIMIT LIBRARY
041 _aeng
100 _aRashmitha; R, Manimozhi.
_g161763
_95398
110 _aManimozhi R
_95399
245 _aKA 19 News /
260 _aMangalore
_c2019
710 _aPrime Focus Technologies Pvt. Ltd.
_95400
942 _2ddc
_cPRO
999 _c217892
_d217892